Datum a čas kvízu
30.5
Celkem bodů
Celkový počet nahraných bodů na tomto kvízu bez doplňovacích otázek.
5.
Pořadí na kvízu
Konečné umístění týmu na tomto kvízu.
Zaznamenané odpovědi
| # | Otázka | Odpověď | Body | Výsledky |
|---|---|---|---|---|
| 1. | Ministerstvo zdravotnictví chy... | Reklamy by neměly zobrazovat živé bytosti. | 1 | |
| 2. | Prezident USA v úterý tradičně... | Butter (Máslo), Bread (Chléb) | 0 | |
| 3. | V úterý oslavila 80. narozenin... | Tina Turner | 1 | |
| 4. | Francouzská skupina LVMH (Moët... | Tiffany (& Co.) | 1 | |
| 5. | Biatlonová sezona byla zahájen... | Dorothea Wiererová | 1 | |
| 6. | V tomto tématu se podíváme na... | A) pestík | 1 | |
| 7. | Časopis Květy je zřejmě nejsta... | A | 1 | |
| 8. | Jak se jmenuje tento pilot For... | Daniil Kvjat | 0 | |
| 9. | Z následujících rostlin vybert... | D | 1 | |
| 10. | Zřejmě nejslavnější českou fil... | dědeček vycinkal | 1 |